<?xml version="1.0" encoding="UTF-8"?>
<record
    xmlns:xsi="http://www.w3.org/2001/XMLSchema-instance"
    xsi:schemaLocation="http://www.loc.gov/MARC21/slim http://www.loc.gov/standards/marcxml/schema/MARC21slim.xsd"
    xmlns="http://www.loc.gov/MARC21/slim">

  <leader>00650nam a22001217a 4500</leader>
  <datafield tag="040" ind1=" " ind2=" ">
    <subfield code="c">RUA</subfield>
  </datafield>
  <datafield tag="100" ind1=" " ind2=" ">
    <subfield code="a">TUY HUN. &#x1791;&#x17BB;&#x1799; &#x17A0;&#x17BB;&#x1793;</subfield>
  </datafield>
  <datafield tag="245" ind1=" " ind2=" ">
    <subfield code="a">EFFECTS OF DIFFERENT GROWING METHODS ON THE GROWTH OF CHERRY TOMATO IN NETHOUSE. &#x17A5;&#x1791;&#x17D2;&#x1792;&#x17B7;&#x1796;&#x179B;&#x1793;&#x17C3;&#x179C;&#x17B7;&#x1792;&#x17B8;&#x179F;&#x17B6;&#x179F;&#x17D2;&#x178F;&#x17D2;&#x179A;&#x178A;&#x17B6;&#x17C6;&#x178A;&#x17BB;&#x17C7;&#x1795;&#x17D2;&#x179F;&#x17C1;&#x1784;&#x1782;&#x17D2;&#x1793;&#x17B6;&#x1791;&#x17C5;&#x179B;&#x17BE;&#x1780;&#x17B6;&#x179A;&#x179B;&#x17BC;&#x178F;&#x179B;&#x17B6;&#x179F;&#x17CB;&#x178A;&#x17C6;&#x178E;&#x17B6;&#x17C6;&#x1794;&#x17C9;&#x17C1;&#x1784;&#x1794;&#x17C9;&#x17C4;&#x17C7;&#x1788;&#x17BE;&#x179A;&#x17B8;&#x1780;&#x17D2;&#x1793;&#x17BB;&#x1784;&#x1795;&#x17D2;&#x1791;&#x17C7;&#x179F;&#x17C6;&#x178E;&#x17B6;&#x1789;</subfield>
  </datafield>
  <datafield tag="260" ind1=" " ind2=" ">
    <subfield code="a">Phnom Penh</subfield>
    <subfield code="b">RUA</subfield>
    <subfield code="c">2021</subfield>
  </datafield>
  <datafield tag="300" ind1=" " ind2=" ">
    <subfield code="a">XII.39P</subfield>
    <subfield code="b">IX.</subfield>
    <subfield code="c">29CM</subfield>
  </datafield>
  <datafield tag="856" ind1=" " ind2=" ">
    <subfield code="u">https://drive.google.com/file/d/1exzTjuwfdnpjt9TABtXGF0hntW4rji2K/view?usp=sharing</subfield>
  </datafield>
  <datafield tag="942" ind1=" " ind2=" ">
    <subfield code="c">AGE</subfield>
  </datafield>
  <datafield tag="999" ind1=" " ind2=" ">
    <subfield code="c">21931</subfield>
    <subfield code="d">21931</subfield>
  </datafield>
  <datafield tag="952" ind1=" " ind2=" ">
    <subfield code="0">0</subfield>
    <subfield code="1">0</subfield>
    <subfield code="2">ddc</subfield>
    <subfield code="4">0</subfield>
    <subfield code="6">AGE_TUY_2021_000000000000000_B670_OR</subfield>
    <subfield code="7">0</subfield>
    <subfield code="9">95700</subfield>
    <subfield code="a">LBB</subfield>
    <subfield code="b">LBB</subfield>
    <subfield code="c">B670</subfield>
    <subfield code="d">2023-09-15</subfield>
    <subfield code="l">2</subfield>
    <subfield code="o">AGE TUY 2021 B670 Or.</subfield>
    <subfield code="p">a72777</subfield>
    <subfield code="r">2023-11-14</subfield>
    <subfield code="s">2023-10-18</subfield>
    <subfield code="w">2023-09-15</subfield>
    <subfield code="y">AGE</subfield>
  </datafield>
  <datafield tag="952" ind1=" " ind2=" ">
    <subfield code="0">0</subfield>
    <subfield code="1">0</subfield>
    <subfield code="2">ddc</subfield>
    <subfield code="4">0</subfield>
    <subfield code="6">AGE_TUY_2021_000000000000000_B670_OR</subfield>
    <subfield code="7">0</subfield>
    <subfield code="9">95701</subfield>
    <subfield code="a">LBB</subfield>
    <subfield code="b">LBB</subfield>
    <subfield code="c">B670</subfield>
    <subfield code="d">2023-09-15</subfield>
    <subfield code="l">4</subfield>
    <subfield code="o">AGE TUY 2021 B670 Or.</subfield>
    <subfield code="p">a72456</subfield>
    <subfield code="r">2024-10-08</subfield>
    <subfield code="s">2024-08-28</subfield>
    <subfield code="w">2023-09-15</subfield>
    <subfield code="y">AGE</subfield>
  </datafield>
  <datafield tag="952" ind1=" " ind2=" ">
    <subfield code="0">0</subfield>
    <subfield code="1">0</subfield>
    <subfield code="2">ddc</subfield>
    <subfield code="4">0</subfield>
    <subfield code="6">AGE_TUY_2021_000000000000000_B670_OR</subfield>
    <subfield code="7">0</subfield>
    <subfield code="9">95702</subfield>
    <subfield code="a">LBB</subfield>
    <subfield code="b">LBB</subfield>
    <subfield code="c">B670</subfield>
    <subfield code="d">2023-09-15</subfield>
    <subfield code="l">2</subfield>
    <subfield code="o">AGE TUY 2021 B670 Or.</subfield>
    <subfield code="p">a72351</subfield>
    <subfield code="r">2025-12-15</subfield>
    <subfield code="s">2025-11-26</subfield>
    <subfield code="w">2023-09-15</subfield>
    <subfield code="y">AGE</subfield>
  </datafield>
  <datafield tag="952" ind1=" " ind2=" ">
    <subfield code="0">0</subfield>
    <subfield code="1">0</subfield>
    <subfield code="2">ddc</subfield>
    <subfield code="4">0</subfield>
    <subfield code="6">AGE_TUY_2021_000000000000000_B670_OR</subfield>
    <subfield code="7">0</subfield>
    <subfield code="9">95703</subfield>
    <subfield code="a">LBB</subfield>
    <subfield code="b">LBB</subfield>
    <subfield code="c">B670</subfield>
    <subfield code="d">2023-09-15</subfield>
    <subfield code="o">AGE TUY 2021 B670 Or.</subfield>
    <subfield code="p">a071786</subfield>
    <subfield code="r">2023-09-15</subfield>
    <subfield code="w">2023-09-15</subfield>
    <subfield code="y">AGE</subfield>
  </datafield>
  <datafield tag="952" ind1=" " ind2=" ">
    <subfield code="0">0</subfield>
    <subfield code="1">0</subfield>
    <subfield code="2">ddc</subfield>
    <subfield code="4">0</subfield>
    <subfield code="6">AGE_TUY_2021_000000000000000_B670_OR</subfield>
    <subfield code="7">0</subfield>
    <subfield code="9">95704</subfield>
    <subfield code="a">LBB</subfield>
    <subfield code="b">LBB</subfield>
    <subfield code="c">B670</subfield>
    <subfield code="d">2023-09-15</subfield>
    <subfield code="l">9</subfield>
    <subfield code="o">AGE TUY 2021 B670 Or.</subfield>
    <subfield code="p">a071790</subfield>
    <subfield code="r">2025-07-08</subfield>
    <subfield code="s">2025-06-27</subfield>
    <subfield code="w">2023-09-15</subfield>
    <subfield code="y">AGE</subfield>
  </datafield>
  <datafield tag="952" ind1=" " ind2=" ">
    <subfield code="0">0</subfield>
    <subfield code="1">0</subfield>
    <subfield code="2">ddc</subfield>
    <subfield code="4">0</subfield>
    <subfield code="6">AGE_TUY_2021_000000000000000_B670_OR</subfield>
    <subfield code="7">0</subfield>
    <subfield code="9">95705</subfield>
    <subfield code="a">LBB</subfield>
    <subfield code="b">LBB</subfield>
    <subfield code="c">B670</subfield>
    <subfield code="d">2023-09-15</subfield>
    <subfield code="o">AGE TUY 2021 B670 Or.</subfield>
    <subfield code="p">a72396</subfield>
    <subfield code="r">2023-09-15</subfield>
    <subfield code="w">2023-09-15</subfield>
    <subfield code="y">AGE</subfield>
  </datafield>
</record>
